1330 1437 1647 1626 1258 1231 1476 1594 1339 1439 1251 1349 1817 1027 1103 1995 1187 1968 1638 1518 1995 1560 1204 1066 1311 1513 1444 1568 1650 1245 1350 1186 1672 1370 1748 1205 1638 1212 1920 1386 1785 1794 1761 1491 1957 1164 1976 1844 1505 1957 1102 1995 1928 1582 1487 1077 1867 1502 1233 1037 1729 1497 1552 1351 1555 1309 1470 1397 1512 1244 1947 1270 1193 1440 1765 1618 1680 1197 1455 1288 1858 1667 1902 1725 1042 1411 1290 1803 1454 1911 1721 1712 1643 1633 1459 1108 1518 1644 1840 BCNSPRNW ULIB Ver.6.0+V

เปลี่ยนเป็นภาษาไทย

Change to English
 แสดงรายละเอียดบรรณานุกรม
  กลับหน้าหลัก

Brief Record : Get Marc (ISO 2709) : E-mail record : QR code < ปิดหน้าต่าง
LEADER : 00000nam 2200000uu 4500
001    13399111317
003     ULIB
008    110622s||||||||th 000 0 tha d
020    9749507215
050 04 BF721^bศ727จ 2548
100 0  ศรีเรือน แก้วกังวาล
245 10 จิตวิทยาเด็กที่มีลักษณะพิเศษ /^cโดย ศรีเรือน แก้วกังวาล
250    พิมพ์ครั้งที่ 3
260    กรุงเทพฯ :^bหมอชาวบ้าน,^c2548
300    [30], 406 หน้า :^bภาพประกอบ ;^c21 ซม.
650  7 จิตวิทยาเด็ก
650  7 เด็กพิเศษ^xแง่จิตวิทยา
650  7 เด็กปัญญาอ่อน
650  7 เด็กออทิสติก
650  7 อารมณ์
945    ^p350^l0^i017755
995    ทศพร
999 ^a ใช้งานได้ทุกระบบ
รายการนี้ยังไม่มีแท็ก
คุณยังไม่ได้ล็อกอิน คุณสามารถมีกิจกรรมร่วมกับเว็บไซต์ได้ แต่ต้องล็อกอินก่อน ::
  ล็อกอิน

รายการสื่อสารสนเทศ

ลำดับที่ ประเภท เลขเรียก/บาร์โค้ด สถานที่ สถานะ
- ไม่พบข้อมูล -

รายการใกล้เคียง
    ผู้แต่ง [ศรีเรือน แก้วกังวาล]

    หัวเรื่อง [จิตวิทยาเด็ก]
    หัวเรื่อง [เด็กปัญญาอ่อน]
    หัวเรื่อง [เด็กออทิสติก]
    หัวเรื่อง [อารมณ์]

BibComment


ยังไม่เคยถูกคอมเมนท์

คอมเมนท์ทรัพยากรรายการนี้
  คอมเมนท์: จิตวิทยาเด็กที่มี..


 Copyright 2026. Bcnsprnw @Library